00511 2200205 4500001002100000005001700021008004100038035002400079082001100103090001800114100001500132245003700147260002900184300002500213650001800238850001500256980001300271985000600284999001500290YOGYA-0209000004833820090227031932.0 ind  0010-020900000048338 a438.24 a438.24bHar W aHARJONO, T aWir sprechen deutschcT.Hardjono aJakartabBumirestuc1981 a147 hlmbilusc24 cm aBahasa Jerman aYOPDYOG(M) a07-11-07 a1 aP000014990